Los médicos y la madre que los_ (Record no. 181875)

MARC details
000 -LEADER
campo de control de longitud fija 00792nam a2200241 i 4500
001 - NÚMERO DE CONTROL
campo de control 181875
003 - IDENTIFICADOR DE NÚMERO DE CONTROL
campo de control ES-MaACL
005 - FECHA Y HORA DE LA ÚLTIMA TRANSACCIÓN
campo de control 20250928102412.0
008 - DATOS DE LONGITUD FIJA--INFORMACIÓN GENERAL
campo de control de longitud fija 130503s2010 sp |||| | spa d
020 ## - NÚMERO INTERNACIONAL ESTÁNDAR DEL LIBRO
Número Internacional Estándar del Libro 978-84-935901-5-4
080 ## - NÚMERO DE LA CLASIFICACIÓN DECIMAL UNIVERSAL
Número de la Clasificación Decimal Universal 61(0:82)
080 ## - NÚMERO DE LA CLASIFICACIÓN DECIMAL UNIVERSAL
Número de la Clasificación Decimal Universal 82"15/19"(082.2)
245 04 - MENCIÓN DEL TÍTULO
Título Los médicos y la madre que los_
Resto del título : el médico y la medicina en la literatura /
Mención de responsabilidad, etc. edición de Emilio Pascual.
250 ## - MENCION DE EDICION
Mención de edición 1ª ed.
260 ## - PUBLICACIÓN, DISTRIBUCIÓN, ETC.
Lugar de publicación, distribución, etc. Madrid :
Nombre del editor, distribuidor, etc. Master Line,
Fecha de publicación, distribución, etc. 2010.
300 ## - DESCRIPCIÓN FÍSICA
Extensión 174 p. ;
Dimensiones 22 cm.
650 #4 - PUNTO DE ACCESO ADICIONAL DE MATERIA--TÉRMINO DE MATERIA
Término de materia o nombre geográfico como elemento de entrada Medicina-
Subdivisión general En la literatura.
9 (RLIN) 14923
650 #4 - PUNTO DE ACCESO ADICIONAL DE MATERIA--TÉRMINO DE MATERIA
Término de materia o nombre geográfico como elemento de entrada Médicos-
Subdivisión general En la literatura.
9 (RLIN) 168324
700 1# - ENTRADA AGREGADA--NOMBRE PERSONAL
Nombre de persona Pascual, Emilio,
Fechas asociadas al nombre 1948-
9 (RLIN) 152679
852 ## - LOCALIZACIÓN
Ubicación ES-MaACL
Número de control de estantería A-12695
itemnumber 188783
Sublocalización o colección R.148885
Ubicación en estantería Depósito 1
Signatura antigua Olim: N-5696
942 ## - ELEMENTOS DE ENTRADA SECUNDARIOS (KOHA)
Fuente del sistema de clasificación o colocación Clasificación decimal universal
Tipo de ítem Koha Libro impreso
Holdings
Estatus retirado Estado de pérdida Fuente del sistema de clasificación o colocación Estado de daño No para préstamo Biblioteca de origen Biblioteca actual Ubicación en estantería Fecha de adquisición Fuente de adquisición Total de préstamos Signatura topográfica completa Código de barras Visto por última vez Precio de reemplazo Tipo de ítem Koha
    Clasificación decimal universal     Biblioteca del Ateneo de Madrid Biblioteca del Ateneo de Madrid Depósito 1 03/05/2013 Donación   A-12695 1191133 23/02/2023 23/02/2023 Libro impreso